Безусадочный портландцемент с применением горного песка Кильдямского месторождения; Перспективы развития фундаментальных наук; Т. 6 : Строительство и архитектура

Dades bibliogràfiques
Parent link:Перспективы развития фундаментальных наук=Prospects of Fundamental Sciences Development: сборник научных трудов XIV Международной конференции студентов, аспирантов и молодых ученых, г. Томск, 25-28 апреля 2017 г./ Национальный исследовательский Томский политехнический университет (ТПУ) ; под ред. И. А. Курзиной, Г. А. Вороновой.— , 2017
Т. 6 : Строительство и архитектура.— 2017.— [С. 53-55]
Autor principal: Васильева Д. В.
Altres autors: Егорова А. Д. (научный руководитель)
Sumari:Заглавие с экрана
Stringing cement - is expanding, straining cement with very low shrinkage. For unshrinkable concrete is small or non-existent as a plastic shrinkage and shrinkage after curing. Cements have not so useful in the construction of a property, contractual shrinkage, making it difficult to repair and installation work. This problem is solved by using non-shrink Portland. Since the non-shrink cement binder consists of cement and plaster - this may give ettringite formation, and as a result - uncontrollable increment of the linear volume. To control this process, we decided to use as a stabilizer in an active mineral additives mountain sand.
Idioma:rus
Publicat: 2017
Matèries:
Accés en línia:http://earchive.tpu.ru/handle/11683/45305
Format: MixedMaterials Electrònic Capítol de llibre
KOHA link:https://koha.lib.tpu.ru/cgi-bin/koha/opac-detail.pl?biblionumber=625655

MARC

LEADER 00000naa2a2200000 4500
001 625655
005 20231101133355.0
035 |a (RuTPU)RU\TPU\conf\24915 
035 |a RU\TPU\conf\24914 
090 |a 625655 
100 |a 20171216d2017 k y0rusy50 ca 
101 0 |a rus  |d eng 
102 |a RU 
105 |a y z 100zy 
135 |a drcn ---uucaa 
181 0 |a i  
182 0 |a b 
200 1 |a Безусадочный портландцемент с применением горного песка Кильдямского месторождения  |d Dimensional stability portlandcement of mining sand Kildyamskoe deposits  |f Д. В. Васильева  |g науч. рук. А. Д. Егорова 
203 |a Текст  |c электронный 
230 |a 1 компьютерный файл (pdf; 199 Kb) 
300 |a Заглавие с экрана 
320 |a [Библиогр.: с. 55 (7 назв.)] 
330 |a Stringing cement - is expanding, straining cement with very low shrinkage. For unshrinkable concrete is small or non-existent as a plastic shrinkage and shrinkage after curing. Cements have not so useful in the construction of a property, contractual shrinkage, making it difficult to repair and installation work. This problem is solved by using non-shrink Portland. Since the non-shrink cement binder consists of cement and plaster - this may give ettringite formation, and as a result - uncontrollable increment of the linear volume. To control this process, we decided to use as a stabilizer in an active mineral additives mountain sand. 
461 1 |0 (RuTPU)RU\TPU\conf\21388  |t Перспективы развития фундаментальных наук  |l Prospects of Fundamental Sciences Development  |o сборник научных трудов XIV Международной конференции студентов, аспирантов и молодых ученых, г. Томск, 25-28 апреля 2017 г.  |o в 7 т.  |f Национальный исследовательский Томский политехнический университет (ТПУ) ; под ред. И. А. Курзиной, Г. А. Вороновой  |d 2017 
463 1 |0 (RuTPU)RU\TPU\conf\21397  |t Т. 6 : Строительство и архитектура  |v [С. 53-55]  |d 2017 
510 1 |a Dimensional stability portlandcement of mining sand Kildyamskoe deposits  |z eng 
610 1 |a электронный ресурс 
610 1 |a портландцемент 
610 1 |a гидравлические свойства 
610 1 |a клинкеры 
610 1 |a гипс 
610 1 |a минеральные добавки 
700 1 |a Васильева  |b Д. В. 
702 1 |a Егорова  |b А. Д.  |4 727 
801 2 |a RU  |b 63413507  |c 20171219  |g RCR 
856 4 |u http://earchive.tpu.ru/handle/11683/45305 
942 |c BK